Un Cop d'ull al consum : alimentació : sanitat alimentació :
Publicado:
Barcelona :
Diputació de Barcelona. Servei de Sanitat. Departament de Salut Pública ,
1989
Descripción Física:
19 p. ; 21 cm
MARC
| LEADER | 00000nam a2200000Ia 4500 | ||
|---|---|---|---|
| 001 | 21874 | ||
| 003 | BGR | ||
| 005 | 20260324180107.0 | ||
| 008 | 160829s1989 xx 000 0 cat d | ||
| 080 | |a FU-45-46 | ||
| 245 | |a Un Cop d'ull al consum : |b alimentació : |b sanitat | ||
| 260 | |a Barcelona : |b Diputació de Barcelona. Servei de Sanitat. Departament de Salut Pública, |c 1989 | ||
| 300 | |a 19 p. ; |c 21 cm | ||
| 590 | |a A la contraportada: Amb la col·laboració de la Unió de Consumidors de Catalunya (UCC) | ||
| 650 | 0 | |a Educació del consumidor |9 26804 | |
| 650 | |a Alimentació |9 46127 | ||
| 710 | 2 | |a Unió de Consumidors de Catalunya |9 56021 | |
| 710 | 1 | |a Barcelona (Catalunya : Província). |b Diputació |9 52408 | |
| 901 | |a Arxiu | ||
| 942 | |n 1 |2 udc |c MON | ||
| 952 | |0 0 |1 0 |4 0 |6 FU4546 |7 1 |9 53016 |a Arxiu |b Arxiu |d 2016-12-01 |l 0 |o FU-45-46 |p 21874 |r 2016-12-01 00:00:00 |w 2016-12-01 |y ARXIU | ||
| 999 | |c 56865 |d 56865 | ||